Loading...
| Literature - British | 0 | 2 | 0 | 0 | 20 | 109 | 122.50 | 1 | 2 | 0.00 | 0.00 |
| Current Events | 0 | 2 | 0 | 1 | 20 | 88 | 89.50 | 0 | 2 | 0.00 | 0.00 |
| Fine Arts - Visual | 1 | 0 | 0 | 0 | 15 | 45 | 45.00 | 1 | 1 | 0.00 | 0.00 |
| History - American | 0 | 2 | 1 | 0 | 15 | 83 | 89.00 | 2 | 2 | 0.00 | 0.00 |
| Science - Biology | 0 | 1 | 0 | 0 | 10 | 100 | 100.00 | 0 | 1 | 0.00 | 0.00 |
| Literature - World | 0 | 1 | 1 | 0 | 5 | 108 | 108.00 | 0 | 1 | 0.00 | 0.00 |
| Literature - European | 0 | 1 | 1 | 0 | 5 | 148 | 148.00 | 0 | 1 | 0.00 | 0.00 |
| Social Science | 0 | 0 | 0 | 0 | 0 | 0.00 | 0 | 0 | 0.00 | 0.00 | |
| Science - Chemistry | 0 | 0 | 0 | 0 | 0 | 0.00 | 0 | 0 | 0.00 | 0.00 | |
| Science - Physics | 0 | 0 | 0 | 0 | 0 | 0.00 | 0 | 0 | 0.00 | 0.00 | |
| Religion | 0 | 0 | 1 | 0 | -5 | 0.00 | 0 | 0 | 0.00 | 0.00 | |
| Fine Arts - Auditory | 0 | 0 | 1 | 0 | -5 | 0.00 | 0 | 0 | 0.00 | 0.00 | |
| Literature - American | 0 | 0 | 1 | 0 | -5 | 0.00 | 0 | 0 | 0.00 | 0.00 | |
| Other Academic | 0 | 0 | 1 | 0 | -5 | 0.00 | 0 | 0 | 0.00 | 0.00 | |
| Philosophy | 0 | 0 | 1 | 0 | -5 | 0.00 | 0 | 0 | 0.00 | 0.00 | |
| Fine Arts - Other | 0 | 0 | 3 | 0 | -15 | 0.00 | 0 | 0 | 0.00 | 0.00 |